000 00273nam a2200121Ia 4500
005 20251222142002.0
008 251222s9999||||xx |||||||||||||| ||spa||
082 _a374.2/G85
100 _aGudnays, Eduardo
245 0 _aEcologĂ­a Social:
264 _bTarea
942 _cLIB
999 _c10042
_d10042